000 00702nam a2200205Ia 4500
005 20260121110057.0
008 008 260114s9999 xx 000 0 hin d
020 _a9788132350989
037 _aEBOOK
040 _aCRL
_bhin
_cCRL
041 _ahin
_2hin
084 _qCRL
100 _aराजीव रंजन / Rajeev Ranjan
_9941767
245 0 _aभौतिक रसायन विज्ञान: पदार्थ की अवस्थाएँ / Bhautik Rasayan Vigyan
260 _bभाषा प्रकाशन / Bhasha Prakashan
_c2020
856 _uhttps://bhashaprakashan.com/product-details/378438
942 _cEBOOK
999 _c1533432
_d1533432